On our way rejoicing. (Record no. 172779)
[ view plain ]
| 000 -LEADER | |
|---|---|
| fixed length control field | 00447cam0a220015700 4500 |
| 001 - CONTROL NUMBER | |
| control field | tmp15294997 |
| 003 - CONTROL NUMBER IDENTIFIER | |
| control field | UPRA |
| 005 - DATE AND TIME OF LATEST TRANSACTION | |
| control field | 20190826203538.0 |
| 035 ## - SYSTEM CONTROL NUMBER | |
| System control number | (Sirsi) r107274 |
| 050 ## - LIBRARY OF CONGRESS CALL NUMBER | |
| Classification number | HQ 734 TRO 1979 |
| 008 - FIXED-LENGTH DATA ELEMENTS--GENERAL INFORMATION | |
| fixed length control field | 950728s1979 gw eng u |
| 100 1# - MAIN ENTRY--PERSONAL NAME | |
| Personal name | Trobisch, Ingrid Hult. |
| Linkage | A65057.1 |
| 245 10 - TITLE STATEMENT | |
| Title | On our way rejoicing. |
| 260 ## - PUBLICATION, DISTRIBUTION, ETC. | |
| Place of publication, distribution, etc. | [Kehl/Rhein, Germany] : |
| Name of publisher, distributor, etc. | Editions Trobisch, |
| Date of publication, distribution, etc. | [1979] |
| 650 #0 - SUBJECT ADDED ENTRY--TOPICAL TERM | |
| Topical term or geographic name entry element | Family life education. |
| Linkage | S2867.1 |
No items available.